Anar al contingut

Социальные коммуникации в профессиональной среде. Словарь-справочник учеб. пособие

Содержит ключевые термины по основным вопросам учебного курса «Социальные коммуникации в профессиональной среде» на русском и английском языках. Предназначен для студентов и магистрантов, изучающих данную дисциплину, а также для слушателей учебных курсов по коммуникативным дисциплинам....

Descripció completa

Guardat en:
Dades bibliogràfiques
Autor principal: Казаринова Н. В.
Altres autors: Пашковский Е. А.
Format: Книга
Idioma:Russian
Publicat: Санкт-Петербург СПбГЭТУ ЛЭТИ 2020
Accés en línia:https://e.lanbook.com/book/238454
https://e.lanbook.com/img/cover/book/238454.jpg
Etiquetes: Afegir etiqueta
Sense etiquetes, Sigues el primer a etiquetar aquest registre!
LEADER 01721nam0a2200277 i 4500
001 238454
003 RuSpLAN
005 20221220174156.0
008 221220s2020 ru gs 000 0 rus
020 |a 978-5-7629-2691-1 
040 |a RuSpLAN 
041 0 |a rus 
044 |a ru 
080 |a 316.77(03) 
084 |a С 557.4я 22+Ю 953я 22  |2 rubbk 
245 0 0 |a Социальные коммуникации в профессиональной среде. Словарь-справочник  |b учеб. пособие  |c Казаринова Н. В.,Пашковский Е. А. 
260 |a Санкт-Петербург  |b СПбГЭТУ ЛЭТИ  |c 2020 
300 |a 76 с. 
504 |a Библиогр.: доступна в карточке книги, на сайте ЭБС Лань 
520 8 |a Содержит ключевые термины по основным вопросам учебного курса «Социальные коммуникации в профессиональной среде» на русском и английском языках. Предназначен для студентов и магистрантов, изучающих данную дисциплину, а также для слушателей учебных курсов по коммуникативным дисциплинам. 
521 8 |a Книга из коллекции СПбГЭТУ ЛЭТИ - Языкознание и литературоведение 
100 1 |a Казаринова Н. В. 
700 1 |a Пашковский Е. А. 
856 4 |u https://e.lanbook.com/book/238454 
856 4 8 |u https://e.lanbook.com/img/cover/book/238454.jpg 
953 |a https://e.lanbook.com/img/cover/book/238454.jpg